000 00672nam a2200289Ia 4500
005 20260324115618.0
008 008 260324s9999 xx 000 0 eng d
020 _a9781315394985
037 _aEBOOK
040 _aCRL
040 _beng
040 _cCRL
041 _2eng
041 _aeng
084 _qCRL
100 _aMario Garcia-Sanz
_91155337
245 0 _aRobust Control Engineering
245 0 _bPractical QFT Solutions
260 _bTaylor and Francis
260 _c2017
365 _a
365 _b305
856 _uhttp://www.taylorfrancis.com/books/9781315394985
942 _cEBOOK
999 _c1746338
_d1746338